| 000 | 00694cab a2200217 4500 | ||
|---|---|---|---|
| 001 | WB3401-44 | ||
| 008 | 090401t1997 xxu||||| |||| 00| 0 eng d | ||
| 035 | _a(Sirsi) u82736 | ||
| 041 | _aeng | ||
| 245 | _aWestminster Healthcare property trust | ||
| 260 | _c1997 | ||
| 350 | _a0 | ||
| 490 |
_aFinancial Times _v15 December 1997, 19(1) |
||
| 520 | _aWestminster Healthcare, a big private care provider, is to set up a property trust to take advantage of the growing sale and leaseback market for nursing homes. | ||
| 650 | _aNURSING HOMES | ||
| 650 | _aPROPERTY TRUSTS | ||
| 650 | _aREITS | ||
| 690 | _aPROPERTY-PROPERTY FINANCE AND INVESTMENT | ||
| 942 | _n0 | ||
| 948 | _c16/12/1997 | ||
| 999 |
_c52256 _d52256 |
||